• 首页
  • 本馆介绍
  • 公告通知
  • 最新文献
  • 馆藏检索
  • 电子资源
  • 读者导购
  • 参考咨询
  • 我的图书馆
  • 登录
  • 详细信息显示
  • 放入我的书架
  • 预约/预借图书
  • 作者相关作品
  • 分类相关作品
  • 丛书相关作品
  • 出版社相关作品

书目信息

  • 表格格式
  • 工作单格式
  • 卡片格式
题名:
诗经选
    
 
作者: 余冠英 注译
分册:  
出版信息: 北京   人民文学出版社  1979
页数: 277页
开本: 19cm
丛书名: 中国古典文学读本丛书
单 册:
中图分类: I222.2 , I222.6
科图分类:
主题词: 诗经--选集 , 诗歌--中国 , 韵文--中国
电子资源:
ISBN:
000 00730nam0 2200289 45
001 0179002141
005 20060820145752.09
010    @dCNY0.78
091    @a10019.448
100    @a19950718d1979 em y0chiy0121 ea
101 0  @achi
102    @aCN@b110000
105    @ay z 000gy
200 10 @a诗经选@Ashi jing xuan@f余冠英注译
205    @a2版
210    @a北京@c人民文学出版社@d1979
215    @a277页@d19cm
225 2  @a中国古典文学读本丛书
410  0 @120010@a中国古典文学读本丛书
606    @a诗经@x选集
606 0  @a诗歌@x中国
606 0  @a韵文@x中国
690    @aI222.2@v3
690    @aI222.6
701  0 @a余冠英@Ayu guan ying@4注译
801  0 @aCN@bNLC@c20060820
905    @f2@b173430-431@dI222.6@e26
    
    诗经选/余冠英注译.-2版.-北京:人民文学出版社,1979
    277页;19cm.-(中国古典文学读本丛书)
    
    
    ISBN :CNY0.78
    
●
相关链接 在E读中查询图书 在五车中查询图书 在当当中查询图书 在豆瓣中查询图书


正题名:诗经选     索取号:I222.6/26         预约/预借

序号 登录号 条形码 馆藏地/架位号 状态 备注
1 0020676   202082664   第一样本阅览室/ [索取号:I222.6/26] 在馆    
2 0173430   000964852   第二借阅区/ [索取号:I222.6/26] 在馆    
3 0173431   000964816   第二借阅区/ [索取号:I222.6/26] 在馆    
4 0427283   204272839   密集书库/ [索取号:I222.6/26] 在馆    
5 0471448   204714489   密集书库/ [索取号:I222.6/26] 在馆    
唐山师范学院图书馆 欢迎您!
大连网信软件有限公司© 版权所有